MDQL
is popping MORE tags! Check the
thread
!
Quizzes
Events
Quiz Creation
Community
Videos
Private Events
Remove Ads
Sign In
Join for FREE
Feedback
Dark Mode
Quiz Categories
Sports
Geography
Music
Movies
Television
Just For Fun
Miscellaneous
History
Literature
Language
Science
Gaming
Entertainment
Religion
Holiday
For Kids
Quiz Lab
Recent
Popular Today
Quiz Kudos Today
Editor Picks
Curator Picks
Quizzes by...
Day
Popularity
Type
Ratings
Length
Year
Community
Subscriptions
Recent Discussions
Orange Saloon
Badges
Playlists
Quests
Create
Leaderboards
Showdown
Live 5
Trivia Bingo
Activity
Puzzle Library
Sporcle Events
Private Events
Virtual Trivia
Globe League
Become a Host
Pub Owners
SporcleCon
Opinionation
Our Games
Videos
Blog
Mobile Apps
Partnerships
Remove Ads and Go Orange
Feedback
Television
TV Characters
TV Show
Sitcom
Network
Friends
Reality Shows
Cast
South Park
Star Trek
The Simpsons
Doctor Who
Television
TV Characters
TV Show
Sitcom
Network
Friends
Reality Shows
Cast
South Park
Star Trek
The Simpsons
Doctor Who
Random Quiz
Search Sporcle
×
Quiz Lab
Quiz Lab
Television
Nintendo
Type in answers that appear in a list
Type in answers that appear in a list
Classic
Best Score? Go Orange.
So You Think You Can Dance Routines 2 Stats
Can you name the dancers who performed the following So You Think You Can Dance routines?
By
nintendofanboy
10m
40 Questions
260 Plays
260 Plays
260 Plays
Comments
Comments
Give Quiz Kudos
Give Quiz Kudos
-
- Ratings
hide this ad
Forced Order
Answers have to be entered in order
Answers have to be entered in order
Random Order
Randomize order of answers
Randomize order of answers
Replay
Link that replays current quiz
Next Quiz
Link to next quiz in quiz playlist
You Got
0%
They Got
Avg Score
34%
Avg Friend Score
Upgrade to see
Score Distribution
Jump to the score distribution portion of the page
Score
0/40
Timer
10:00
0
Plays Today
Routine
Couple
% Correct
'Love Lockdown' Hip-
Hop
Jeanine and Phillip
67.7%
'Forever' Hip-
Hop
Twitch and Comfort
63.8%
Romeo and Juliet Pas De Deux
Melissa and Ade
63.5%
The Princes Contemporary
Danny and Neil
58.1%
'Trepak'
Joshua and Twitch
55%
Foxes Jazz
Lacey and Sabra
54.2%
Angels VS Devils Jazz
Neil and Lauren
52.3%
'2 Much Booty' Hip-
Hop (Season 2)
Benji and Donyelle
50%
The Frog and the Princess Afro Jazz
Russell and Noelle
49.6%
'Sexy Love' Hip-
Hop
Ivan and Allison
47.3%
'Ordinary Day' Viennese Waltz
Jakob and Mollee
43.1%
Vampires Contemporary
Kayla and Kupono
43.1%
'Lost' Contemporary
Courtney and Gev
42.3%
'Your Ex-
Lover Is Dead' Contemporary
Ryan and Ellenore
41.9%
Cavemen Hip-
Hop
Kathryn and Legacy
41.2%
Assasins Contemporary
Ellenore and Legacy
40.4%
'Tore My Heart' Contemporary
Jakob and Ellenore
40%
'Loving is Really My Game' Disco
Brandon and Janette
38.5%
'Cabaret Hoover' Pop-
Jazz
Sara and Jesus
37.3%
The Cane Dance
Ashleigh and Jakob
36.2%
Routine
Couple
% Correct
'Azeem O Shaan Shahenshah' Bollywood
Nathan and Mollee
36.2%
'I Know You Want Me' Group Dance
Season 5 Top 16
35.8%
'Ease on Down the Road' Broadway
Shauna and Jimmy
34.2%
'Baila Baila' Samba
Joshua and Katee
29.6%
'Five Guys Named Moe' Group Dance
Season 4 Top 5 Males
28.5%
'The Plaza of Execution' Paso Doble
Travis and Heidi
28.1%
Hide and Seek Group Dance
Season 2 Top 6
23.5%
'Dreams Are More Precious' Waltz
Asuka and Vitolio
23.1%
Wedding Contemporary
Chelise and Mark
23.1%
'Push It' Cha Cha
Karen and Kevin
20.8%
'Clap Back' Krump
Travis and Martha
20.8%
'España Cañi' Paso Doble (Season 3)
Neil and Sabra
20.4%
'Whatever Lola Wants' Argentine Tango
Danny and Sara
20%
'Comanche' Group Dance
Season 6 Top 20
15.4%
'España Cañi' Paso Doble (Season 1)
Artem and Melissa
11.2%
'Heaven' Lyrical
Blake and Melody
10.8%
'Hit the Floor' Hip-
Hop
Dmitry and Joy
9.2%
'You Make Me Feel' Disco
Nick and Kamilah
8.5%
'Why Don't You Do Right?' Foxtrot
Jaymz and Jessica
7.3%
'Blue Danube' Viennese Waltz
Jamile and Destini
4.2%
Quiz Playlist
Details
Report
Send in Message
Add To Playlist
Classic:
Type in answers that appear in a list
Forced Order:
Answers have to be entered in order
Random Order:
Randomize order of answers
Quiz Source
Last Updated: Feb 16, 2017
Quiz Scoreboard
CHALLENGE
Sign Up to Join the Scoreboard
Show All
Scores
Hide
Comments
May contain spoilers
Recently Published
Colored Red Africa Blitz
by spor1
Geography
30s
Find the 'City' Movie
by crazypaving
Movies
60s
5x2 Blitz: Bands
by SL_Kpop136
Music
30s
More to Explore
Quiz From the Vault
Featured Blog Post
14 Easter Pick-up Lines to Find Eggs With
hide this ad
You Might Also Like...
Tags
Nintendo Quiz
Choreographer
couple
dance
Dancer
Performed
routine
Today's Top Quizzes in Television
Browse Television
hide this ad
Today's Top Quizzes in Nintendo
Browse Nintendo
Top Contributed Quizzes in Television
1
Survivor Journey Challenge
2
Brooklyn Nine Nine Logic Puzzle (How-To-Play)
3
Phoebe Buffay Quotes
4
One Tree Hill Logic Puzzle
5
Survivor Logic Puzzle: Heroes vs. Villains
6
Survivor Trivia
7
Game of Thrones: Tywin Lannister Start to Finish
8
All US Survivor Seasons in Order
9
Emmerdale Characters (from August 2012)
10
Survivor Trivia #6: Criteria Quiz!
Explore More
Trending Topics
Crossword
Anime
NBA
Kpop
Harry Potter
Disney
Marvel
Puzzle
Song
Soccer
WWE
Country
The Office
Pokémon
NFL
hide this ad
More By:
nintendofanboy
Quiz
Plays
Rating
Category
Featured
Created
So You Think You Can Dance routines
854
4.20
Television
Nov 18, 2009
ScrewAttack's Top 20 SNES Games
769
2.50
Gaming
Dec 17, 2009
So You Think You Can Dance Top 10
286
3.60
Television
Nov 17, 2009
So You Think You Can Dance Routines 2
260
1.67
Television
Jan 6, 2010
Go to Creator's Profile
Score Distribution
Quiz Creator Spotlight
nintendofanboy
Follow
Send a Message
Quizzes Created
-
Created Quiz Play Count
-
More By This Creator
Popular Quizzes Today
1
Find the 'City' Movie
2
Colored Red Africa Blitz
3
5x2 Blitz: Bands
4
Find the US States - No Outlines Minefield
5
The Countries of the World
6
Find the US States
7
9x9 Crossword: Cartoon Network
8
US States
More Television Quizzes
Recurring TV Characters by Show Blitz II
Published
Trending Quizzes
Colored Red Europe Blitz I
Colored Red Africa Blitz II
Colored Red Africa Blitz III
Colored Red Europe Blitz III
Colored Red Europe Blitz II
Recently Updated
Champions League XIs: Real Madrid
pecheneg
Largest US Cities 1790-2010
pecheneg
Rides in Walt Disney World
pecheneg
Most Oscar Losses (Acting)
pecheneg
Beyoncé Albums
pecheneg
Leaping Animals
pecheneg
Reality TV Shows (A-Z)
bhenderson79
Rickey Henderson's Hall of Fame Teammates
pecheneg
Champions League XIs: Arsenal
pecheneg
Quick Pick: Celebrities in WWE's Hall of Fame
aduchscher
Trending Topics
Disney
Anime
Harry Potter
NBA
Marvel
Kpop
Crossword
Song
The Office
Puzzle
WWE
Soccer
NFL
Country
Pokémon
Your Account Isn't Verified!
In order to create a playlist on Sporcle, you need to verify the email address you used during registration. Go to your
Sporcle Settings
to finish the process.
Report this User
Report this user for behavior that violates our
Community Guidelines
.
Details:
Send Report
Go to the Sporcle.com Mobile Site →
Comments